Normal view MARC view
  • Anxiety.

Entry Topical Term

Number of records used in: 6

001 - CONTROL NUMBER

  • control field: 1920

003 - CONTROL NUMBER IDENTIFIER

  • control field: NUST

005 - DATE AND TIME OF LATEST TRANSACTION

  • control field: 20170602113721.0

008 - FIXED-LENGTH DATA ELEMENTS

  • fixed length control field: 170602|| aca||aabn | a|a d

040 ## - CATALOGING SOURCE

  • Original cataloging agency: NUST
  • Transcribing agency: NUST

150 ## - HEADING--TOPICAL TERM

  • Topical term or geographic name entry element: Anxiety.

670 ## - SOURCE DATA FOUND

  • Source citation: Work cat.: (NUST): Anxiety disorders comorbid with depression: panic disorder and agoraphobia, 2002.
© 2023 Central Library, National University of Sciences and Technology. All Rights Reserved.